|
|
|
|
| LEADER |
00000nas a22000007a 4500 |
| 001 |
ssj0002063 |
| 003 |
WaSeSS |
| 005 |
20200512172242.0 |
| 006 |
m d |
| 007 |
cr n |
| 008 |
050602c19479999dcuqr p s 0 a0eng |
| 010 |
|
|
|a 2009235225
|
| 016 |
7 |
|
|a 2066970-7
|2 DE-600
|
| 022 |
|
|
|a 2154-1302
|y 0034-6632
|
| 035 |
|
|
|a (WaSeSS)ssj0002063
|
| 037 |
|
|
|b Philosophy Documentation Center, P.O. Box 7147, Charlottesville, VA 29906
|
| 040 |
|
|
|a IWA
|b eng
|c IWA
|d EYM
|d HUL
|d MUQ
|d DLC
|d OCLCQ
|d OCLCF
|d OCLCO
|d VT2
|d OCLCQ
|d CGU
|d OCLCO
|d OCL
|d OCLCO
|d GILDS
|d OCLCO
|d IAZ
|d OCLCO
|d U3W
|d DLC
|d SFB
|d GH1
|d WaSeSS
|
| 042 |
|
|
|a pcc
|a nsdp
|
| 050 |
1 |
4 |
|a B1
|
| 082 |
1 |
0 |
|a 110
|2 14
|
| 222 |
|
4 |
|a The review of metaphysics
|b (Online)
|
| 245 |
0 |
4 |
|a The review of metaphysics
|h [electronic resource].
|
| 260 |
|
|
|a Washington, DC :
|b Philosophy Education Society,
|c 1947-
|
| 310 |
|
|
|a Quarterly
|
| 362 |
1 |
|
|a Began with: Vol. 1, no. 1 (Sept. 1947).
|
| 500 |
|
|
|a Also available online in journal format by the Philosophy Documentation Center.
|
| 506 |
|
|
|a License restrictions may limit access.
|
| 550 |
|
|
|a Published with support from: The School of Philosophy, The Catholic University of America.
|
| 588 |
|
|
|a Description based on: Vol. 1, no. 1 (1947); title from cover (JSTOR, viewed Mar. 20, 2009).
|
| 588 |
|
|
|a Latest issue consulted: Vol. 63, no. 2 (2009) (Philosophy Documentation Center website, viewed Mar. 18, 2010).
|
| 650 |
|
0 |
|a Philosophy
|v Periodicals.
|
| 650 |
|
0 |
|a Metaphysics
|v Periodicals.
|
| 650 |
|
6 |
|a Philosophie.
|
| 650 |
|
7 |
|a Metaphysics
|2 fast
|0 (OCoLC)fst01018304
|
| 650 |
|
7 |
|a Philosophy.
|2 fast
|0 (OCoLC)fst01060777
|
| 650 |
1 |
7 |
|a Metafysica.
|2 gtt
|
| 655 |
|
0 |
|a Electronic journals.
|
| 710 |
2 |
|
|a Philosophy Education Society.
|
| 710 |
2 |
|
|a Catholic University of America.
|b School of Philosophy.
|
| 776 |
0 |
8 |
|i Print version:
|t Review of metaphysics
|x 0034-6632
|w (DLC) 50038404
|w (OCoLC)1763830
|
| 856 |
4 |
0 |
|z Full text available from Research Library: 09/01/1997 to present
|u https://search.proquest.com/publication/42072
|